000 01912nam2a2200289 4500
001 RU\NLR\BIBL_A\010305210
005 20260408203528.0
010 _a978-5-4364-0067-9
_91000
021 _aRU
_b2014-10565
_9674
035 _a(NLR Aleph) 010305210
090 _a10613497
_c10613497
100 _a20140411d2013 |||y0rusy50 ca
101 0 _arus
102 _aRU
105 _aa ||n|||000yy
200 1 _aФедеральный государственный образовательный стандарт, образовательные программы и примерные основные образовательные программы (в части общего образования)
210 _d2013
_aБ. м.
215 _a46, [1] с.
_cил.
461 0 _1001RU\NLR\BIBL_A\010353994
_12000#$aОсновные положения Федерального закона "Об образовании в Российской Федерации"$fФедер. Собрание Рос. Федерации, Гос. Дума$g[сост.: Г.А. Балыхин и др.$gпод общ. ред. А.Н. Дегтярева]$vВып. 13
_910756817
_cМосква
_d2013
_fФедер. Собрание Рос. Федерации, Гос. Дума
_nиздание Государственной Думы
_tОсновные положения Федерального закона "Об образовании в Российской Федерации"
_vВып. 13
606 1 _aСреднее образование
_xПравовые вопросы
_yРоссийская Федерация
_92143009
_3RU\NLR\AUTH\661596001
606 _aОбщеобразовательные учреждения
_xУчебные программы
_3RU\NLR\AUTH\661542106
_92605548
686 1 _aЧ424(2Р)б
686 1 _aЧ421.211
942 _cBOOK
980 _aNB